Developing strategies to deal with trauma in children (Record no. 181245)
[ view plain ]
| 000 -LEADER | |
|---|---|
| fixed length control field | 01550nam a2200313Ia 4500 |
| 082 04 - DEWEY DECIMAL CLASSIFICATION NUMBER | |
| Classification number | 618.928521 |
| 245 10 - TITLE STATEMENT | |
| Title | Developing strategies to deal with trauma in children |
| 260 ## - PUBLICATION, DISTRIBUTION, ETC. (IMPRINT) | |
| Place of publication | Amsterdam : |
| Name of publisher | IOS Press, |
| Year of publication | 2005. |
| Place of publication | Headington : |
| Name of publisher | IOS Press/Lavis Marketing [distributor]. |
| 300 ## - PHYSICAL DESCRIPTION | |
| Number of Pages | xi, 201 p. |
| 650 #0 - SUBJECT ADDED ENTRY--TOPICAL TERM | |
| Topical Term | Post-traumatic stress disorder in children |
| Topical Term | Psychic trauma in children |
| Topical Term | Stress in children |
| 700 1# - ADDED ENTRY--PERSONAL NAME | |
| Personal name | Donnelly, Jill. |
| 856 40 - ELECTRONIC LOCATION AND ACCESS | |
| Uniform Resource Identifier | http://site.ebrary.com/lib/rucke/Doc?id=10130683 |
No items available.
